[Event "N4 Villeneuve Tolosane-Condom 3"]
[Site "Condom"]
[Date "2006.11.26"]
[Round "2"]
[White "Berthelot, Nathan"]
[Black "Arioli, Claude"]
[Result "1/2-1/2"]
[WhiteElo "1631"]
[BlackElo "1970"]
[EventDate "2006.??.??"]
[PlyCount "131"]

1.e4 e6 2.d4 d5 3.exd5 exd5 4.Bf4 Bd6 5.Bxd6 Qxd6 6.Bd3 Qb4+ 7.Nc3 Qxb2 8.
Nxd5 Kd8 9.Nf3 c6 10.Rb1 Qxa2 11.Nf4 Qa5+ 12.Nd2 Qg5 13.Qf3 Qe7+ 14.Qe4 
Nf6 15.Qxe7+ Kxe7 16.O-O Rd8 17.Rfe1+ Kf8 18.Nf3 b6 19.Bc4 Ba6 20.Bb3 Nd5 
21.Nxd5 cxd5 22.Re5 Bc4 23.Ba4 Nd7 24.Bxd7 Rxd7 25.Rbe1 a5 26.Rh5 a4 27.
Rxh7 Kg8 28.Rh3 b5 29.Ra1 b4 30.Ne5 Rd6 31.Nd3 Bxd3 32.Rxd3 Rc6 33.Ra2 a3 
34.Kf1 Re8 35.f3 Rce6 36.Rb3 Re2 37.Rxb4 Rd2 38.Rxa3 Ree2 39.f4 Rxg2 40.
Rh3 g6 41.Rb5 Rdf2+ 42.Ke1 Rxc2 43.Kf1 Rgd2 44.Ke1 Rxd4 45.Rh4 Rg2 46.Kf1 
Ra2 47.Ke1 Re4+ 48.Kf1 Rc4 49.Rb1 Kg7 50.Rd1 Kf6 51.h3 Rcc2 52.Rg4 d4 53.
f5 gxf5 54.Rgxd4 Rh2 55.Kg1 Rxh3 56.R4d2 Rha3 57.Kf2 f4 58.Rxa2 Rxa2+ 59.
Kf3 Ra4 60.Rd5 Ke6 61.Rb5 f5 62.Rb6+ Ke5 63.Rb5+ Kf6 64.Rb8 Re4 65.Ra8 Rc4
66.Rb8 1/2-1/2

[Event "N4 Villeneuve Tolosane-Condom 3"]
[Site "Condom"]
[Date "2006.11.26"]
[Round "2"]
[White "Alegret, Jean Pierre"]
[Black "Alonso, Jesus"]
[Result "1-0"]
[WhiteElo "1590"]
[BlackElo "1840"]
[EventDate "2006.??.??"]
[PlyCount "65"]

1.e4 e6 2.d4 d5 3.e5 c5 4.c3 Nc6 5.Nf3 Qb6 6.a3 Nge7 7.b4 cxd4 8.cxd4 Nf5 
9.Be3 Nxe3 10.fxe3 Be7 11.Nc3 Qd8 12.Ra2 O-O 13.Bd3 f6 14.exf6 Bxf6 15.O-O
a6 16.Raf2 Bd7 17.Ne5 Qe8 18.Bxh7+ Kxh7 19.Qd3+ g6 20.Nxd7 Qxd7 21.Rxf6 
Rxf6 22.Rxf6 Qg7 23.Qf1 Nd8 24.Rf3 Rc8 25.Na4 e5 26.Nb6 exd4 27.Nxc8 dxe3 
28.Rxe3 Qd4 29.Qe1 Ne6 30.Kh1 Nf4 31.Qh4+ Kg8 32.Re8+ Kg7 33.Qh8+ 1-0

[Event "N4 Ste Foy-Loures Barousse"]
[Site "Ste Foy"]
[Date "2006.11.26"]
[Round "2.7"]
[White "Lecureux, Yves"]
[Black "David, Philippe"]
[Result "1-0"]
[WhiteElo "1570"]
[BlackElo "1430"]
[EventDate "2006.??.??"]
[PlyCount "75"]
[TimeControl "240+2"]

1.e4 b6 2.d4 e6 3.Nf3 Bb7 4.Bd3 Be7 5.c4 Bb4+ 6.Nc3 Ne7 7.O-O O-O 8.a3 
Bxc3 9.bxc3 d6 10.Ng5 Nd7 11.e5 Nf5 12.Qh5 h6 13.g4 g6 14.Qh3 hxg5 15.gxf5
exf5 16.f4 Kg7 17.fxg5 Rh8 18.Qg3 Nf8 19.exd6 cxd6 20.d5 Qc7 21.Be3 Nd7 
22.Bd4+ Ne5 23.Rae1 Rae8 24.Rf2 Kf8 25.Rfe2 Rh5 26.Bxe5 dxe5 27.Rxe5 Qc5+ 
28.Kh1 Rxe5 29.Qxe5 Qc8 30.Qd6+ Kg8 31.Re7 Ba8 32.Qe5 Kf8 33.Bc2 Rh4 34.
Qf6 Rh7 35.Ba4 b5 36.Bxb5 Rxh2+ 37.Kxh2 Qb8+ 38.Kh3 1-0

[Event "N4 Ste Foy-Loures Barousse"]
[Site "Ste Foy"]
[Date "2006.11.26"]
[Round "2.6"]
[White "Condeminas, Christian"]
[Black "Boulogne, Laurent"]
[Result "0-1"]
[WhiteElo "1800"]
[BlackElo "1700"]
[EventDate "2006.??.??"]
[PlyCount "64"]

1.e4 c5 2.c3 Nc6 3.d4 d5 4.exd5 Qxd5 5.Nf3 e6 6.Bd3 Nf6 7.O-O Be7 8.Na3 a6
9.Nc4 Qd8 10.Be3 cxd4 11.Nxd4 Qc7 12.Nxc6 Qxc6 13.Qc2 b5 14.Ne5 Qd5 15.Bd4
Bb7 16.Nf3 Ng4 17.Be4 Qxe4 18.Qb3 Qf4 19.Be3 Nxe3 20.fxe3 Qxe3+ 21.Kh1 O-O
22.a4 Bd5 23.Qc2 Bd6 24.axb5 axb5 25.Rae1 Qf4 26.Kg1 Bxf3 27.Rxf3 Qxh2+ 
28.Kf2 Bc5+ 29.Ree3 Qh4+ 30.Ke2 Bxe3 31.Rh3 Qf2+ 32.Kd3 Rfd8+ 0-1

[Event "N4 Ste Foy-Loures Barousse"]
[Site "Ste Foy"]
[Date "2006.11.26"]
[Round "2.5"]
[White "Noll, Dominik"]
[Black "Bricard, Hervé"]
[Result "0-1"]
[WhiteElo "1699"]
[BlackElo "2071"]
[EventDate "2006.??.??"]
[PlyCount "53"]

1.e4 c5 2.c3 d6 3.d4 Nf6 4.f3 Nc6 5.Be3 cxd4 6.cxd4 d5 7.e5 Nd7 8.Nc3 e6 
9.Bd3 Qb6 10.Nge2 Ndxe5 11.Bb5 a6 12.Ba4 Nc4 13.Bc1 Be7 14.O-O O-O 15.b3 
Nd6 16.Bxc6 bxc6 17.Na4 Qa7 18.Bf4 Nf5 19.g4 e5 20.gxf5 exf4 21.Rc1 Bxf5 
22.Rxc6 Bd7 23.Rc3 Bh3 24.Nxf4 Bxf1 25.Nxd5 Bd6 26.Kxf1 Qd7 27.f4 0-1

[Event "N4 Ste Foy-Loures Barousse"]
[Site "Ste Foy"]
[Date "2006.11.26"]
[Round "2.4"]
[White "Oriot, Patrice"]
[Black "Trier, Marc"]
[Result "1-0"]
[WhiteElo "2150"]
[BlackElo "1650"]
[EventDate "2006.??.??"]
[PlyCount "35"]

1.e4 e6 2.d4 d5 3.e5 c5 4.Nf3 cxd4 5.Bd3 Bd7 6.O-O Nc6 7.a3 f6 8.Qe2 Nge7 
9.exf6 gxf6 10.Ng5 Ng6 11.Nxh7 Nce5 12.Nxf8 Nxf8 13.Re1 Qc7 14.Bf4 Qb6 15.
Bxe5 fxe5 16.Qxe5 Rg8 17.Qh5+ Kd8 18.Qf7 1-0

[Event "N4 Ste Foy-Loures Barousse"]
[Site "Ste Foy"]
[Date "2006.11.26"]
[Round "2.3"]
[White "Lacresse, Régis"]
[Black "Pfeiffer, Andreas"]
[Result "0-1"]
[WhiteElo "1800"]
[BlackElo "2130"]
[EventDate "2006.??.??"]
[PlyCount "84"]

1.c4 e5 2.Nc3 Nf6 3.a3 c6 4.d3 d5 5.cxd5 cxd5 6.Bg5 Nc6 7.Rc1 Be7 8.e3 O-O
9.g3 Be6 10.Bg2 Qd7 11.Nge2 Rad8 12.d4 Bh3 13.O-O Bxg2 14.Kxg2 h6 15.Bxf6 
Bxf6 16.h3 exd4 17.Nxd4 Nxd4 18.exd4 Rfe8 19.Qd3 Bg5 20.Rce1 Bf6 21.Rd1 g6
22.Qf3 Kg7 23.Rd3 b5 24.Qd1 a6 25.Qb3 Qc6 26.Rfd1 Qc4 27.Qc2 a5 28.b3 Qc6 
29.Qb2 Rc8 30.Rf3 b4 31.axb4 axb4 32.Ne2 Qc2 33.Rd2 Qe4 34.Qa2 Bg5 35.Qa7 
Re7 36.Qa6 Bxd2 37.Qxc8 Qxe2 38.h4 Qe4 39.h5 g5 40.Qf5 g4 41.Qxe4 Rxe4 42.
Rf5 Rxd4 0-1

[Event "N4 Ste Foy-Loures Barousse"]
[Site "Ste Foy"]
[Date "2006.11.26"]
[Round "2.2"]
[White "Pietrobon, Fabio"]
[Black "Moreau, Emilien"]
[Result "1-0"]
[WhiteElo "2111"]
[BlackElo "1800"]
[EventDate "2006.??.??"]
[PlyCount "87"]

1.d4 Nf6 2.Nf3 e6 3.Bf4 b6 4.e3 Bb7 5.Nbd2 Be7 6.h3 O-O 7.Bd3 d6 8.O-O 
Nbd7 9.Qe2 c5 10.c3 Re8 11.e4 h6 12.Rfd1 Nf8 13.Bh2 N8h7 14.dxc5 bxc5 15.
Bb5 Nd7 16.Nc4 d5 17.Nfe5 Nxe5 18.Nxe5 Rf8 19.exd5 exd5 20.Nc6 Bxc6 21.
Bxc6 Bd6 22.Bxd6 Qxd6 23.Bxa8 Rxa8 24.Re1 Nf6 25.Rad1 Rb8 26.b3 Re8 27.Qd3
Rxe1+ 28.Rxe1 Qf4 29.Qe3 Qd6 30.Rd1 Qa6 31.Qxc5 Qxa2 32.b4 Ne4 33.Qc8+ Kh7
34.Qf5+ Kg8 35.Rxd5 Qb1+ 36.Kh2 g6 37.Rd8+ Kg7 38.Qe5+ Nf6 39.Rd6 Qf5 40.
Qxf5 gxf5 41.Ra6 Ne4 42.c4 Nxf2 43.Rxa7 Kf6 44.b5 1-0

[Event "N4 Ste Foy-Loures Barousse"]
[Site "Ste Foy"]
[Date "2006.11.26"]
[Round "2.1"]
[White "Vialaret, Laurent"]
[Black "Guirati, Paolo"]
[Result "0-1"]
[WhiteElo "2088"]
[BlackElo "2209"]
[EventDate "2006.??.??"]
[PlyCount "47"]

1.d4 Nf6 2.Nc3 d5 3.e4 e6 4.f3 Bb4 5.e5 Nfd7 6.a3 Be7 7.f4 c5 8.Qg4 O-O 9.
Be3 cxd4 10.Bxd4 Nc6 11.Nf3 f5 12.Qh3 Nc5 13.O-O-O Ne4 14.Bd3 Qa5 15.Rhf1 
Nxd4 16.Bxe4 Nc6 17.Nxd5 fxe4 18.Nxe7+ Nxe7 19.Ng5 h6 20.Nxe4 Nd5 21.Kb1 
Qa4 22.Qd3 b6 23.Rf3 Ba6 24.Qd2 0-1

[Event "N4 - Tarbes / Foix"]
[Site "Tarbes"]
[Date "2006.11.26"]
[Round "2"]
[White "Rich, Philippe"]
[Black "Lanllier, Bruno"]
[Result "1/2-1/2"]
[WhiteElo "2064"]
[BlackElo "1880"]
[EventDate "2006.??.??"]
[PlyCount "82"]

1.c4 Nf6 2.Nc3 g6 3.e4 d6 4.d4 Bg7 5.Be2 O-O 6.Bg5 c5 7.dxc5 Qa5 8.Bd2 
Qxc5 9.Nf3 Bg4 10.Be3 Qb4 11.a3 Qa5 12.O-O Nc6 13.Rc1 Rac8 14.Qb3 b6 15.
Qa2 Bxf3 16.Bxf3 Qa6 17.b4 Ne5 18.Be2 Qb7 19.Nd5 Nxe4 20.f4 Nc6 21.Bf3 f5 
22.b5 Nd4 23.Bxe4 fxe4 24.c5 e6 25.c6 Qf7 26.Nc3 d5 27.Bxd4 Bxd4+ 28.Kh1 
Bxc3 29.Rxc3 e5 30.g3 d4 31.Qxf7+ Rxf7 32.Rcc1 exf4 33.Rxf4 Rxf4 34.gxf4 
Kf7 35.Rc4 Ke6 36.Rxd4 Kf5 37.Kg2 Kxf4 38.Kf2 a6 39.a4 axb5 40.axb5 h5 41.
Rd7 Ra8 1/2-1/2

[Event "N4 - Tarbes / Foix"]
[Site "Tarbes"]
[Date "2006.11.26"]
[Round "2"]
[White "Phalippou, Philippe"]
[Black "Mauge, Christian"]
[Result "0-1"]
[WhiteElo "1740"]
[BlackElo "1640"]
[EventDate "2006.??.??"]
[PlyCount "98"]

1.e4 d6 2.d4 b6 3.d5 Ba6 4.c4 Qd7 5.Nc3 g6 6.Nf3 Nh6 7.Qd4 f6 8.Ng5 c5 9.
Qd3 fxg5 10.Bxg5 Nf7 11.Bf4 Bg7 12.Be2 Bd4 13.h3 Ne5 14.Bxe5 Bxe5 15.O-O-O
O-O 16.Rdf1 Qe8 17.g3 Bd4 18.f4 Bc8 19.Nb5 Na6 20.Nxd4 cxd4 21.Qxd4 Qa4 
22.a3 Nc5 23.Bd1 Nb3+ 24.Kb1 Qxa3 25.bxa3 Nxd4 26.e5 dxe5 27.fxe5 Rxf1 28.
Rxf1 Bxh3 29.Rf4 Nf5 30.g4 Ne3 31.Be2 Rf8 32.Re4 Ng2 33.d6 exd6 34.exd6 
Rd8 35.Rd4 g5 36.a4 Nf4 37.Bd1 Ne6 38.Rd2 Bf1 39.Bb3 Nc5 40.Ba2 Bd3+ 41.
Kb2 Nxa4+ 42.Kc1 Nc5 43.Kb2 Rxd6 44.Bb1 a5 45.Ka3 Kg7 46.Kb2 Kf6 47.Ka3 
Ke5 48.Bxd3 Nxd3 49.Ka4 Nc5+ 0-1

[Event "N4 - Tarbes / Foix"]
[Site "Tarbes"]
[Date "2006.11.26"]
[Round "2"]
[White "Molet, Patrice"]
[Black "Grimal, Richard"]
[Result "0-1"]
[WhiteElo "1450"]
[BlackElo "1600"]
[EventDate "2006.??.??"]
[PlyCount "90"]

1.c4 e5 2.Nc3 Nc6 3.g3 Bc5 4.Bg2 a6 5.Nf3 Nge7 6.O-O O-O 7.a3 d6 8.b4 Ba7 
9.e3 Ng6 10.Bb2 f5 11.Nd5 e4 12.Ne1 Nce5 13.Qc2 c6 14.Nf4 d5 15.cxd5 cxd5 
16.Qc3 Rf7 17.Nxg6 Nxg6 18.Rc1 Bd7 19.Nc2 Rc8 20.Qb3 Bb5 21.Rfe1 Bc4 22.
Qa4 Rfc7 23.Nd4 Bxd4 24.exd4 Ne7 25.Qd1 Bd3 26.Bc3 Nc6 27.Qh5 Nxd4 28.Kh1 
Nc2 29.Rg1 g6 30.Qh6 Qf8 31.Qf4 Qf7 32.Qe5 d4 33.Bxd4 Nxd4 34.Rxc7 Qxc7 
35.Qxd4 Rd8 36.Qb2 Rd6 37.Rc1 Rc6 38.Rc3 Rxc3 39.Qxc3 Qxc3 40.dxc3 Kf7 41.
Kg1 h5 42.Bf1 Ke6 43.Bg2 Kd5 44.f3 Kc4 45.fxe4 Bxe4 0-1

[Event "N4 - Tarbes / Foix"]
[Site "Tarbes"]
[Date "2006.11.26"]
[Round "2"]
[White "Luneau, Gilles"]
[Black "Lemoine, Benoit"]
[Result "0-1"]
[WhiteElo "2132"]
[BlackElo "1903"]
[EventDate "2006.??.??"]
[PlyCount "106"]

1.c4 Nf6 2.g3 g6 3.Bg2 d5 4.cxd5 Nxd5 5.Nc3 Nxc3 6.bxc3 c5 7.Rb1 Qc7 8.Nf3
Bg7 9.Bb2 O-O 10.O-O Nc6 11.e4 Bg4 12.Qa4 Rfd8 13.Bc1 Bxf3 14.Bxf3 Ne5 15.
Be2 c4 16.Qb4 Rab8 17.Rd1 Nd3 18.Bxd3 Rxd3 19.Ba3 Bf8 20.Qc5 Qxc5 21.Bxc5 
b6 22.Be3 e6 23.a4 Rbd8 24.Bd4 Be7 25.e5 g5 26.f4 h5 27.Kf2 Kh7 28.Ke2 
gxf4 29.gxf4 Rh3 30.Rh1 Rg8 31.Rbg1 Rg4 32.Rxg4 hxg4 33.Bf2 Kg6 34.Bg3 Bh4
35.Rg1 Kf5 36.Ke3 Be7 37.d4 cxd3 38.Kxd3 Rh8 39.Rd1 Rd8+ 40.Kc2 Rxd1 41.
Kxd1 Bf8 42.Kd2 Ke4 43.Ke2 Bh6 44.Kd2 Bxf4+ 45.Bxf4 Kxf4 46.Kd3 Kxe5 47.
Kc4 a6 48.Kd3 f5 49.c4 f4 50.a5 b5 51.c5 Kd5 52.c6 Kxc6 53.Ke4 e5 0-1

[Event "N4 - Tarbes / Foix"]
[Site "Tarbes"]
[Date "2006.11.26"]
[Round "2"]
[White "Ferreira, Georges"]
[Black "Varmot, Jean-Jacques"]
[Result "0-1"]
[WhiteElo "1750"]
[BlackElo "1900"]
[EventDate "2006.??.??"]
[PlyCount "111"]

1.e4 c5 2.Nf3 d6 3.d4 cxd4 4.Nxd4 e5 5.Nf3 Nf6 6.Nc3 Be7 7.Be2 O-O 8.O-O 
Nc6 9.Bg5 Be6 10.Bxf6 gxf6 11.Nd5 f5 12.Nxe7+ Qxe7 13.exf5 Bxf5 14.c3 Be6 
15.Qd2 f6 16.Rfd1 Rad8 17.g3 Qg7 18.Nh4 f5 19.b4 d5 20.b5 Ne7 21.a4 f4 22.
Bf3 Nf5 23.Nxf5 Rxf5 24.Bg2 Rf6 25.Rab1 f3 26.Bh1 e4 27.Rb4 Rc8 28.Qd4 Rf7
29.Qxg7+ Kxg7 30.b6 a6 31.Rc1 Rc6 32.Kf1 Rf8 33.Ke1 Rfc8 34.Kd2 Kf6 35.h4 
Rc4 36.Rc2 Ke5 37.a5 Bd7 38.Rxc4 Rxc4 39.Ra2 Kd6 40.Ra3 Kc5 41.Ke3 Ra4 42.
Rxa4 Bxa4 43.g4 Be8 44.Kf4 Kb5 45.Ke5 Kxa5 46.Kxd5 e3 47.Bxf3 Bc6+ 48.Kc5 
Bxf3 49.fxe3 Bxg4 50.e4 Ka4 51.Kd6 Kb5 52.Kc7 Bf3 53.c4+ Kc5 54.Kxb7 a5 
55.Ka6 Bxe4 56.Kxa5 0-1

[Event "N4 - Tarbes / Foix"]
[Site "Tarbes"]
[Date "2006.11.26"]
[Round "2"]
[White "Carinola, Marco"]
[Black "Lehman, Denis"]
[Result "0-1"]
[WhiteElo "1670"]
[BlackElo "1770"]
[EventDate "2006.??.??"]
[PlyCount "54"]

1.c4 f5 2.Nc3 Nf6 3.d4 e6 4.Nf3 Be7 5.Bf4 d6 6.Qd3 O-O 7.h3 c6 8.e3 a6 9.
Be2 b5 10.cxb5 axb5 11.O-O Nbd7 12.Ng5 Nb6 13.Rfc1 Bd7 14.Bd1 Nbd5 15.Nxd5
Nxd5 16.Nf3 Nxf4 17.exf4 Bf6 18.Bb3 c5 19.dxc5 Bxb2 20.cxd6 Bxa1 21.Rxa1 
Qb6 22.Ng5 Rf6 23.Re1 Re8 24.Re5 h6 25.Nf3 Rd8 26.Nd4 Qxd6 27.Rxf5 Rxf5 
0-1

[Event "N4 - Tarbes / Foix"]
[Site "Tarbes"]
[Date "2006.11.26"]
[Round "2"]
[White "Bunjaku, Rijard"]
[Black "Evrard, Emmanuel"]
[Result "1-0"]
[WhiteElo "1870"]
[BlackElo "1800"]
[EventDate "2006.??.??"]
[PlyCount "91"]

1.e4 d6 2.Nf3 g6 3.h3 Bg7 4.d4 Nf6 5.Bd3 O-O 6.O-O Nbd7 7.Be3 h6 8.Qd2 Kh7
9.Nc3 c5 10.Rad1 cxd4 11.Bxd4 a6 12.e5 dxe5 13.Nxe5 Qa5 14.Rfe1 Qc7 15.
Nxd7 Qxd7 16.Bxf6 exf6 17.Bxg6+ Kxg6 18.Qxd7 Bxd7 19.Rxd7 b5 20.Ne2 Bh8 
21.Nf4+ Kg5 22.Rd5+ f5 23.g4 Kf6 24.Rxf5+ Kg7 25.c3 Rfe8 26.Rd1 Ra7 27.
Nh5+ Kf8 28.Rfd5 Rae7 29.Ng3 Re1+ 30.Kg2 Rxd1 31.Rxd1 Be5 32.Re1 Bf4 33.
Rxe8+ Kxe8 34.Ne2 Bd2 35.f4 Ke7 36.Kf3 f6 37.Ke4 Ke6 38.Nd4+ Kd7 39.Nf5 
Bc1 40.b3 Bd2 41.c4 bxc4 42.bxc4 Kc6 43.Nxh6 Kc5 44.h4 Kxc4 45.h5 a5 46.
Nf5 1-0

[Event "N4 - Tarbes / Boix"]
[Site "Tarbes"]
[Date "2006.11.26"]
[Round "2"]
[White "Carassus, Jean-Louis"]
[Black "Masot, Liberto"]
[Result "1/2-1/2"]
[WhiteElo "1800"]
[BlackElo "1728"]
[EventDate "2006.??.??"]
[PlyCount "130"]

1.e4 d5 2.exd5 Qxd5 3.d4 Nf6 4.Nf3 a6 5.c4 Qd6 6.Be2 Nc6 7.Be3 Bf5 8.c5 
Qd7 9.Nc3 Nd5 10.O-O g6 11.Bc4 Be6 12.Bxd5 Bxd5 13.Nxd5 Qxd5 14.Qa4 Bg7 
15.Rad1 O-O 16.a3 e6 17.Rd2 Rfd8 18.Rfd1 Qf5 19.Qb3 Na5 20.Qb4 b6 21.cxb6 
cxb6 22.Qxb6 Nc4 23.Qb4 Nxd2 24.Qxd2 a5 25.b4 axb4 26.axb4 Ra4 27.b5 Qxb5 
28.Qc3 Rda8 29.h3 h6 30.Qc7 Qd5 31.Kh2 R4a7 32.Qg3 e5 33.Rd2 exd4 34.Qf4 
g5 35.Qg4 f5 36.Qh5 Be5+ 37.g3 Bg7 38.Nxd4 Ra1 39.Nf3 Qc6 40.Ng1 Rf8 41.
Qe2 Qc1 42.f4 gxf4 43.gxf4 Re8 44.Rd8 Qc6 45.Rd3 Qe4 46.Qd2 Kh7 47.Kg3 Rg8
48.Rd7 Kh8 49.Kh2 Qc4 50.Rxg7 Rxg7 51.Bd4 Rxg1 52.Bxg1 Qe4 53.Bd4 Qe6 54.
Qg2 Qd7 55.Bxg7+ Qxg7 56.Qxg7+ Kxg7 57.Kg3 Kf6 58.Kf3 Ke6 59.Ke3 Kd5 60.
Kd3 Kc5 61.Kc3 Kd5 62.Kd3 Ke6 63.Kd4 Kd6 64.Kc4 h5 65.h4 Kc6 1/2-1/2

[Event "D4   ET - Condom 2"]
[Site "Krasnodar RUS"]
[Date "2006.11.26"]
[Round "2"]
[White "Woloszyn, Florent"]
[Black "Juglard, Eric"]
[Result "1-0"]
[WhiteElo "1981"]
[BlackElo "2128"]
[PlyCount "113"]

1.d4 Nf6 2.Nf3 g6 3.Bg5 Bg7 4.Nbd2 d5 5.e3 O-O 6.Bd3 Nbd7 7.Qe2 c5 8.c3 
Qc7 9.O-O e5 10.dxe5 Nxe5 11.Nxe5 Qxe5 12.Nf3 Qe7 13.Rad1 Be6 14.Rd2 h6 
15.Bxf6 Qxf6 16.Bb1 Rfd8 17.Rfd1 Rd7 18.Qb5 b6 19.a4 Rad8 20.Ba2 Qe7 21.a5
bxa5 22.Qxa5 Bf6 23.Qa4 Kg7 24.h4 g5 25.hxg5 hxg5 26.Qc6 g4 27.Ne1 g3 28.
f3 Bf5 29.e4 dxe4 30.Rxd7 Rxd7 31.Rxd7 Qxd7 32.Qxd7 Bxd7 33.fxe4 Bb5 34.
Bb1 Bg5 35.Bd3 c4 36.Be2 a6 37.Nc2 Bc1 38.Na3 Bxb2 39.Nxc4 Bxc3 40.Kf1 a5 
41.Nd6 Bc6 42.Bc4 f6 43.Nf5+ Kg6 44.Ne7+ Kg5 45.Nxc6 Kf4 46.Bd5 Ke3 47.Ne7
Kd2 48.Nf5 Be5 49.Bc6 Kd1 50.Ne3+ Kc1 51.Ke2 Bc7 52.Kf3 Kb2 53.Nf5 Kb3 54.
Nxg3 a4 55.Nh5 Bd8 56.Kf4 a3 57.Kf5 1-0

[Event "D4   ET - Condom 2"]
[Site "Krasnodar RUS"]
[Date "2006.11.26"]
[Round "2"]
[White "Sakri, Abdelhak"]
[Black "Rauzieres, Guy"]
[Result "1-0"]
[WhiteElo "1954"]
[BlackElo "1740"]
[PlyCount "67"]

1.d4 Nf6 2.c4 e6 3.Nc3 d5 4.e3 b6 5.Nf3 Bb7 6.Bd3 Nbd7 7.O-O a6 8.cxd5 
exd5 9.Qe2 Ne4 10.Nd2 f5 11.f3 Nxd2 12.Bxd2 Nf6 13.Bxf5 Bb4 14.a3 Bxc3 15.
Bxc3 O-O 16.e4 g6 17.Be6+ Kg7 18.e5 Nh5 19.Bg4 Nf4 20.Qe3 Qg5 21.Bd2 h5 
22.g3 hxg4 23.gxf4 Qh5 24.fxg4 Qxg4+ 25.Qg3 Qf5 26.Qg5 Qd3 27.f5 Rxf5 28.
Qh6+ Kf7 29.Rxf5+ gxf5 30.e6+ Ke7 31.Qg7+ Kxe6 32.Re1+ Qe4 33.Rxe4+ fxe4 
34.Qxc7 1-0

[Event "D4   ET - Condom 2"]
[Site "Krasnodar RUS"]
[Date "2006.11.26"]
[Round "2"]
[White "Pagnoncelli, Herve"]
[Black "Robichon, Franck"]
[Result "0-1"]
[WhiteElo "1830"]
[BlackElo "1920"]
[PlyCount "64"]

1.d4 d5 2.Nf3 Bg4 3.c4 e6 4.Nc3 Nf6 5.Ne5 Bh5 6.Qb3 Nc6 7.Qa4 Nd7 8.Nxc6 
bxc6 9.Qxc6 dxc4 10.Bg5 Be7 11.Bxe7 Kxe7 12.e4 Rb8 13.Bxc4 Rxb2 14.Bb3 Re8
15.d5 Ne5 16.Qb5 Kf8 17.O-O Qh4 18.Qc5+ Kg8 19.Bd1 Bxd1 20.Raxd1 Qg5 21.
Kh1 Rc2 22.dxe6 Rxe6 23.Qxa7 h5 24.Nd5 h4 25.h3 Ng6 26.Ne3 Re2 27.Rd5 Qf4 
28.Qa8+ Nf8 29.Rd8 Rxf2 30.Rxf8+ Kh7 31.Rxf2 Qxf2 32.Nf5 Qf4 0-1

[Event "D4   ET - Condom 2"]
[Site "Krasnodar RUS"]
[Date "2006.11.26"]
[Round "2"]
[White "Dezaele, Christophe"]
[Black "Vitrou, Jonathan"]
[Result "1-0"]
[WhiteElo "2133"]
[BlackElo "1996"]
[PlyCount "53"]

1.d4 d5 2.Nf3 Nf6 3.g3 e6 4.Bg2 c5 5.c4 Nc6 6.cxd5 Nxd5 7.O-O Qb6 8.e4 Nc7
9.d5 Nd4 10.Ne5 exd5 11.exd5 Bf5 12.Nc4 Qa6 13.Re1+ Be7 14.d6 Nce6 15.dxe7
Qxc4 16.Na3 Qa6 17.Be3 Qd6 18.Nc4 Qxe7 19.Bxd4 cxd4 20.Bxb7 Rb8 21.Bc6+ 
Kd8 22.Qf3 g6 23.Qd5+ Kc7 24.Ne5 Rhd8 25.Qa5+ Kd6 26.Qa3+ Nc5 27.Nc4+ 1-0

[Event "D4   ET - Condom 2"]
[Site "Krasnodar RUS"]
[Date "2006.11.26"]
[Round "2"]
[White "Daragon, Bruno"]
[Black "Jacob, Claude"]
[Result "0-1"]
[WhiteElo "1820"]
[BlackElo "1670"]
[PlyCount "100"]

1.c4 e5 2.Nc3 Nc6 3.Nf3 Nf6 4.e4 Bc5 5.Nxe5 Bxf2+ 6.Kxf2 Nxe5 7.d4 Neg4+ 
8.Kg1 d6 9.h3 Nh6 10.Bd3 Nhg8 11.Bg5 h6 12.Bh4 g5 13.Bg3 g4 14.Bh4 h5 15.
e5 dxe5 16.dxe5 Qd4+ 17.Bf2 Qxe5 18.Qe1 Qxe1+ 19.Rxe1+ Be6 20.Nd5 O-O-O 
21.Nf4 gxh3 22.gxh3 Re8 23.Bd4 Bd7 24.Kh2 Rxe1 25.Rxe1 Rh6 26.b4 Kd8 27.
Bxa7 Ne7 28.Be3 Rh8 29.Bd4 Rh6 30.b5 Nf5 31.Be5 Nh4 32.Be2 Ne4 33.Bxh5 
Rxh5 34.Rxe4 Rxe5 35.Re2 Rxe2+ 36.Nxe2 Be6 37.Kg3 Ng6 38.c5 Bxa2 39.h4 Bc4
40.Nd4 Ke7 41.b6 cxb6 42.cxb6 Kd6 43.h5 Nf8 44.h6 Kc5 45.Nf5 Kxb6 46.Kf4 
Bd3 47.Nd6 Bg6 48.Kg5 Nh7+ 49.Kf4 Kc6 50.Ke5 b5 0-1

[Event "D4   ET - Condom 2"]
[Site "Krasnodar RUS"]
[Date "2006.11.26"]
[Round "2"]
[White "Calatrava, Julian"]
[Black "Jung, Pascal"]
[Result "0-1"]
[WhiteElo "1870"]
[BlackElo "2027"]
[PlyCount "58"]

1.e4 e5 2.Nf3 Nc6 3.Bb5 a6 4.Ba4 Nf6 5.O-O b5 6.Bb3 Be7 7.Re1 d6 8.c3 O-O 
9.h3 Bb7 10.d4 Nd7 11.Nbd2 Bf6 12.Nf1 Re8 13.Ng3 exd4 14.cxd4 Na5 15.Bc2 
c5 16.Nf5 Nf8 17.Bf4 Be7 18.e5 dxe5 19.Nxe5 Nc4 20.Qg4 Ng6 21.Nxg6 hxg6 
22.Nh6+ gxh6 23.Bxg6 Bg5 24.Bf5 Qxd4 25.g3 Nd2 26.Rxe8+ Rxe8 27.Bxd2 Qxg4 
28.hxg4 Bxd2 29.Rd1 Bf3 0-1

[Event "D4   ET - Condom 2"]
[Site "Krasnodar RUS"]
[Date "2006.11.26"]
[Round "1"]
[White "Daloz, Jean-Michel"]
[Black "Rauzieres, William"]
[Result "1-0"]
[WhiteElo "2165"]
[BlackElo "2080"]
[PlyCount "63"]

1.c4 e5 2.Nc3 d6 3.g3 f5 4.Bg2 Nf6 5.e3 Be7 6.Nge2 O-O 7.O-O c6 8.d4 e4 9.
b4 Qe8 10.a4 Kh8 11.b5 g5 12.f4 g4 13.a5 d5 14.a6 bxa6 15.bxc6 Nxc6 16.
Nxd5 Nxd5 17.cxd5 Nb4 18.Nc3 Rb8 19.Ra5 Rf6 20.Ba3 Rh6 21.Rf2 Nd3 22.Ra2 
Bd8 23.Rc5 Be7 24.Bf1 Bxc5 25.dxc5 Qd8 26.Bxd3 Qa5 27.Nxe4 fxe4 28.Bc4 Qc3
29.Qa1 Rb1+ 30.Qxb1 Qxc4 31.Rd2 a5 32.Qb8 1-0

[Event "Tournefeuille2-Muret"]
[Site "Tournefeuille"]
[Date "2006.11.27"]
[Round "2.5"]
[White "Brochet, Thierry"]
[Black "Boukhris-Ferre, Yacine"]
[Result "1-0"]
[WhiteElo "1786"]
[BlackElo "1860"]
[EventDate "2006.??.??"]
[PlyCount "97"]

1.e4 Nf6 2.e5 Nd5 3.c4 Nb6 4.d4 d6 5.exd6 cxd6 6.Nc3 g6 7.Be3 Bg7 8.Qd2 
O-O 9.Bh6 Nc6 10.Bxg7 Kxg7 11.Nf3 d5 12.cxd5 Nxd5 13.Bc4 Nb6 14.Be2 Bg4 
15.Rd1 Nd5 16.Ne5 Nxe5 17.dxe5 Bxe2 18.Qxe2 Nxc3 19.Rxd8 Nxe2 20.Rxa8 Rxa8
21.Kxe2 Rc8 22.Rd1 Rc2+ 23.Rd2 Rxd2+ 24.Kxd2 g5 25.Ke3 Kg6 26.g4 h5 27.h3 
hxg4 28.hxg4 f6 29.Ke4 Kf7 30.Kd5 fxe5 31.Kxe5 e6 32.f4 gxf4 33.Kxf4 Kf6 
34.g5+ Kg6 35.a4 b6 36.b4 e5+ 37.Kxe5 Kxg5 38.b5 Kg6 39.Kd6 Kf6 40.Kc6 Ke6
41.Kb7 Kd7 42.Kxa7 Kc7 43.Ka6 Kc8 44.Kxb6 Kb8 45.Kc6 Kc8 46.a5 Kb8 47.Kb6 
Ka8 48.Kc7 Ka7 49.b6+ 1-0

[Event "N4 Ramonville-CATE"]
[Site "?"]
[Date "2006.11.29"]
[Round "2"]
[White "Rolle, Pascal"]
[Black "Delay, Guillaume"]
[Result "1-0"]
[WhiteElo "1919"]
[BlackElo "1720"]
[EventDate "2006.11.26"]
[PlyCount "111"]

1.e4 c5 2.Nf3 Nc6 3.d4 cxd4 4.Nxd4 d6 5.Nc3 g6 6.Be3 Bg7 7.Bc4 Nf6 8.h3 
O-O 9.Qd2 Qa5 10.O-O-O Bd7 11.g4 Rfc8 12.Nb3 Qb4 13.Bd3 Ne5 14.a3 Nxd3+ 
15.Qxd3 Qc4 16.f4 Qxd3 17.Rxd3 Bc6 18.Nd2 b6 19.Re1 Rc7 20.e5 dxe5 21.fxe5
Nd7 22.Bf4 e6 23.Nc4 Bb5 24.Nxb5 Rxc4 25.Rxd7 Rxf4 26.Rxa7 Rxa7 27.Nxa7 
Rf3 28.Nc8 Rxh3 29.Nxb6 Rh4 30.a4 Rxg4 31.a5 Rb4 32.c4 h5 33.Kc2 Bf8 34.
Rd1 Bc5 35.Kc3 h4 36.b3 Rxb6 37.axb6 Bxb6 38.b4 g5 39.c5 Bc7 40.Kd4 f6 41.
exf6 h3 42.Ke4 g4 43.b5 g3 44.Kf3 g2 45.b6 Bh2 46.Kf2 Bf4 47.Rd3 Bh2 48.
Rd1 Bf4 49.b7 Kf7 50.Rb1 Be3+ 51.Kg3 g1=Q+ 52.Rxg1 Bxg1 53.b8=Q h2 54.Kg2 
Kxf6 55.c6 Bd4 56.Qf4+ 1-0

[Event "N4 Ramonville-CATE"]
[Site "?"]
[Date "2006.11.29"]
[Round "2"]
[White "Guillory, Gabriel"]
[Black "Siames, Christian"]
[Result "1-0"]
[WhiteElo "2000"]
[BlackElo "1910"]
[EventDate "2006.11.26"]
[PlyCount "93"]

1.d4 f5 2.c4 Nf6 3.Nf3 e6 4.g3 Be7 5.Bg2 O-O 6.O-O d6 7.Nc3 Nbd7 8.Qc2 Nb6
9.b3 d5 10.Rd1 Ne4 11.Ne5 c6 12.Bf4 Nf6 13.Rab1 Nbd7 14.Nxd7 Bxd7 15.c5 h6
16.h3 Bc8 17.b4 g5 18.Bc1 Qc7 19.b5 e5 20.e3 exd4 21.exd4 Ne4 22.h4 Bf6 
23.Rb3 Qg7 24.hxg5 hxg5 25.Ne2 Be7 26.f3 Nf6 27.a4 Bd7 28.Qd2 Ne8 29.Re1 
Nc7 30.b6 axb6 31.Rxb6 Bc8 32.Nc3 Ne6 33.Rb4 Re8 34.Bh3 Rf8 35.Qd3 Nxc5 
36.Qe2 Ne6 37.Rxb7 Bxb7 38.Qxe6+ Kh8 39.Qxe7 Qxd4+ 40.Qe3 Qc4 41.Qe5+ Kg8 
42.Qe6+ Kh8 43.Qh6+ Kg8 44.Qg6+ Kh8 45.Qh6+ Kg8 46.Qxg5+ Kh8 47.Re7 1-0

[Event "N4 Ramonville-CATE"]
[Site "?"]
[Date "2006.11.29"]
[Round "2"]
[White "Dufor, Jean-Francois"]
[Black "Rizzo, Carlos"]
[Result "0-1"]
[WhiteElo "1570"]
[BlackElo "1600"]
[EventDate "2006.11.26"]
[PlyCount "90"]

1.e4 c5 2.b4 e6 3.bxc5 Bxc5 4.d4 Bb6 5.Nf3 Nf6 6.Bd3 Nc6 7.c3 O-O 8.Bg5 h6
9.Bh4 g5 10.Bg3 Ne7 11.e5 Nfd5 12.h4 g4 13.Nh2 h5 14.Nxg4 Ng6 15.Nf6+ Nxf6
16.exf6 Qxf6 17.Be5 Nxe5 18.O-O Nxd3 19.Qxd3 Qxh4 20.Nd2 Bc7 21.Nf3 Qg4 
22.Rae1 f5 23.Ne5 Bxe5 24.dxe5 Kf7 25.Re3 h4 26.f3 Qg6 27.f4 Rg8 28.Rf2 b6
29.Kf1 Rb8 30.Ke1 Rb7 31.Rh3 Rh8 32.g3 Qg4 33.Rxh4 Rxh4 34.gxh4 Qxh4 35.
Ke2 Qg4+ 36.Kd2 Rc7 37.Qf1 Bb7 38.Qd3 Qh4 39.Qe3 Rc5 40.Kc2 Be4+ 41.Kb2 
Rb5+ 42.Ka3 Qe7+ 43.Ka4 Ra5+ 44.Kb3 Qa3+ 45.Kc4 Qa4# 0-1